The 'Cat' Quiz Stats

 Plays Quiz Updated Apr 10, 2014

Also try: Rhymes with Cat
Challenge
Share
Tweet
Embed
Score 0/40 Timer 08:00
3 Plays Today
Clue Answer % Correct
Major disastercatastrophe
90.8%
Person providing food for a partycaterer
88.7%
Whiskered aquatic creaturecatfish
85.8%
Network of tombs and tunnels beneath Romecatacombs
74.2%
Cowscattle
73.2%
Large waterfall; eye conditioncataract
65.6%
Sound made by a hecklercatcalls
64.9%
J. Crew mailingcatalog
63.5%
Twin-hulled boatcatamaran
62.7%
Flexible tube used to remove fluid from the body, especially urinecatheter
62.3%
Larval form of a butterflycaterpillar
60.2%
Tennessee Williams play that won the 1955 Pulitzer for DramaCat on a Hot Tin Roof
53.7%
Dumbstruck; unresponsivecatatonic
52.7%
Mountain range of southern New YorkCatskills
50.4%
Slogan associated with a particular personcatchphrase
49.1%
Chemical species with a + chargecation
48.3%
Joseph Heller novel about army bombardier YossarianCatch-22
47.2%
Engine attachment that reduces toxic emissionscatalytic converter
46.9%
Cord whip with multiple lashescat-o'-nine-tails
45.2%
Ballista or trebuchetcatapult
45.1%
Clue Answer % Correct
Cartoonist Guisewite, or her long-running comic stripCathy
44.9%
Region of Spain including BarcelonaCatalonia
44.2%
'Moon Shadow' singerCat Stevens
41%
Emotional cleansing derived from drama, per Aristotlecatharsis
39%
Diagonally oppositecater-corner
36.5%
Centuries-long Gothic architecture projectcathedral
30%
Instructional summary of Christian doctrinecatechism
29.8%
Basis of most TVs before plasmascathode ray tube
28%
Board game island for Settlers, Seafarers, Cities and Knights, etc.Catan
24.9%
Kurt Vonnegut novel in which 'ice-nine' freezes all the world's oceansCat's Cradle
20.9%
Western for which Lee Marvin won an OscarCat Ballou
18.3%
Shrill howling or wailing soundcaterwauling
18.2%
Another word for a cougar/panther/puma; a University of Vermont athletecatamount
15.9%
Advantageous position, metaphoricallycatbird seat
11.9%
Roman poet who loved LesbiaCatullus
6.6%
Tree with heart-shaped leaves and white flowerscatalpa
5.6%
Utmost ethical responsibility, per Immanuel Kantcategorical imperative
5.3%
Diagonally; askew; out of whackcatawampus
5.1%
Mathematical curve formed by a hanging chaincatenary
2.7%
63 BC conspiracy to overthrow the Roman RepublicCatiline conspiracy
1.9%

You're not logged in!

Compare scores with friends on all Sporcle quizzes.
OR
Log In

You Might Also Like...

Show Comments

Extras

Top Quizzes Today


Score Distribution

Your Account Isn't Verified!

In order to create a playlist on Sporcle, you need to verify the email address you used during registration. Go to your Sporcle Settings to finish the process.

Report this User

Report this user for behavior that violates our Community Guidelines.

Details: